Les pipelines /

Gorde:
Xehetasun bibliografikoak
Egile nagusia: Gantier Gilbert
Formatua: Liburua
Hizkuntza:Vietnamese
Argitaratua: Paris : Universitaires de France , 1964
Gaiak:
Etiketak: Etiketa erantsi
Etiketarik gabe, Izan zaitez lehena erregistro honi etiketa jartzen!
Thư viện lưu trữ: Thư viện Trường CĐ Kỹ Thuật Cao Thắng
LEADER 00544nam a2200181 a 4500
001 TVCDKTCT2193
003 Thư viện trường Cao đẳng Kỹ thuật Cao Thắng
005 20050815000000
008 050815
980 \ \ |a Thư viện Trường CĐ Kỹ Thuật Cao Thắng 
024 |a RG_1 #1 eb0 i1 
041 0 # |a vie 
082 # # |a 621.8 /   |b G100-l 
100 1 # |a Gantier Gilbert 
245 0 0 |a Les pipelines /  |c Gantier Gilbert 
260 # # |a Paris :  |b Universitaires de France ,  |c 1964 
300 # # |a 127tr. ;  |c 10cm 
650 # 4 |a Ống dẫn